350 personnages disney/pixar - Statistiques

Statistiques générales
  • Ce quiz a été pris 5 196 fois
    5 081 depuis la dernière actualisation
  • Le résultat moyen est 108 sur 357
Statistiques - réponses
Hint Réponse % Correct
1 Blanche neige
91%
8 Cendrillon
86%
52 Anna
84%
Grincheux
83%
Elsa
81%
26 Ariel
80%
27 Belle
80%
Simplet
80%
Joie
78%
Atchoum
77%
12 Aurore
77%
Olaf
76%
Prof
76%
49 Raiponce
76%
La Bête
75%
Dormeur
74%
20 peter
73%
28 Aladdin
72%
Gus
72%
35 Mulan
72%
29 Simba
72%
jasmine
71%
3 Mickey
71%
Joyeux
68%
2 Pinocchio
68%
Timide
68%
Nala
67%
Colère
66%
polochon
66%
tristesse
66%
Jafar
65%
Scar
65%
5 Bambi
64%
Buzz L’éclair
64%
Maléfique
64%
Peur
64%
wendy
64%
Clochette
63%
Mufasa
63%
31 Pocahontas
63%
Prince Éric
63%
Ursula
63%
58 Vaiana
63%
32 Woody
63%
Dégoût
62%
javotte
61%
Pumba
61%
Sébastien
61%
Sven
61%
48 Tiana
61%
9 Alice
60%
anastasie
59%
Capitaine crochet
59%
34 Hercule
59%
Timon
59%
4 Dumbo
58%
lumière
58%
Marie darling
58%
panpan
57%
cruella
56%
Gaston
56%
gepetto
56%
16 Mowgli
55%
Flynn Rider
54%
Le génie
54%
10 Peter pan
54%
Hans
53%
Baloo
52%
jack
52%
40 Nemo
52%
Flash
51%
Clochard
50%
Dory
50%
Kristoff
50%
Jean
49%
le lapin blanc
49%
Mama coco
49%
19 Bernard
48%
bianca
48%
Mushu
48%
36 Tarzan
48%
21 Winnie l’ourson
48%
17 duchesse
47%
50 Merida
47%
Mr Mouche
47%
Pascal
47%
22 Rox
47%
Stitch
47%
berlioz
46%
Big Ben
46%
fleur
46%
Hades
46%
39 Lilo
46%
Max
46%
18 Robin des bois
46%
Toulouse
46%
le chapelier fou
45%
Le Fou
45%
lucifer
45%
14 Merlin
45%
Ed
44%
11 Lady
44%
Rouky
44%
Abu
43%
Esmeralda
43%
Mère Gothel
43%
Roi triton
43%
Andy
42%
30 Dingo
42%
Jane
42%
Jessie
42%
13 Pongo
42%
tigrou
42%
Le chat du chester
41%
porcinet
41%
prince Philippe
41%
Megara
40%
33 Quasimodo
40%
54 Riley
40%
Thomas O’Malley
40%
arthur
39%
38 Bob Razowski
39%
Martin
39%
Rex
39%
Ray
38%
Zig Zag
38%
Zip
38%
John Smith
37%
Maui
37%
51 Ralph
37%
bourriquet
36%
Zazu
36%
Zeus
36%
37 Kuzco
35%
Marin
35%
perdita
35%
Iago
34%
la reine de cœur
34%
Naveen
34%
Pimprenelle
34%
44 Rémy
34%
Louis
33%
michel
33%
Rafiki
33%
Bagheera
32%
La bergère
32%
Le sultan
32%
Belle Marianne
31%
Jack Jack
31%
59 miguel
31%
Petit Jean
31%
Violette
31%
46 Volt
31%
Mme Tremaine
30%
25 Oliver
30%
reine grimhilde
30%
45 Wall-E
30%
Elliott
29%
jiminy cricket
29%
Pégase
29%
Sulli
29%
Flora
28%
Dr Facilier
27%
Kaa
27%
La fée bleue
27%
Pâquerette
27%
Vanellope
27%
Frollo
26%
Sarabi
26%
Edgar
25%
figaro
25%
Flèche
25%
Hei Hei
25%
Mr patate
25%
Panique
25%
cleo
24%
Eve
24%
Ling
24%
Maurice
24%
Rajah
24%
24 Basil
23%
Bing Bong
23%
Capitaine McCrea
23%
Le tapis volant
23%
lotso
23%
15 Mary poppins
23%
Nana
23%
petit gourou
23%
Pua
23%
Shere Khan
23%
23 Taram
23%
Peine
22%
Shenzi
22%
coco lapin
21%
Pile Poil
21%
Alfredo Linguini
20%
Bayonne
20%
47 Carl Fredricksen
20%
Roger
20%
Anita
19%
Eurêka
19%
Fourchette
19%
Jaq
19%
Mme Patate
19%
Mme Samovar
19%
Phoebus
19%
Prince Jean
19%
Banzaï
18%
Edna Mode
18%
Elastigirl
18%
Ernesto de la Cruz
18%
43 Flash MacQueen
18%
Le lièvre de Mars
18%
Sid
18%
Timothée
18%
Yzma
18%
55 Arlo
17%
Bouh
17%
Colette
17%
Hector
17%
jean Christophe
17%
Kronk
17%
meeko
17%
42 Mr Indestructible
17%
Te Fiti
17%
Frozone
16%
Absolem
15%
george darling
15%
grand coquin
15%
Léon
15%
maître hibou
15%
53 Baymax
14%
Doug
14%
Emile
14%
Mama Imelda
14%
Philoctète
14%
Plumette
14%
Shan Yu
14%
Tic tac
14%
Archimède
13%
Dante
13%
Féline
13%
le roi de cœur
13%
Li Shang
13%
Lucky
13%
Monstro
13%
Russell
13%
Stromboli
13%
Syndrome
13%
Grand mère feuillage
12%
Horace
12%
Jasper
12%
Kevin
12%
Les enfants perdus
12%
Patch
12%
Roquefort
12%
Zeurg
12%
Frère Tuck
11%
Jetsam
11%
56 Judy Hopps
11%
marraine fée
11%
Ratcliffe
11%
roi Louie
11%
Tamatoa
11%
Auguste Gusteau
10%
Ellie
10%
Flotsam
10%
Gedeon
10%
grand gourou
10%
Hiro Hamada
10%
les aliens
10%
Mama Odie
10%
Pacha
10%
Te ka
10%
Dinah
9%
Dodo
9%
Nick Wilde
9%
pataud
9%
ratigan
9%
Tweedle Dee
9%
Tweedle Dum
9%
Yao
9%
Celia
8%
Crush
8%
Germaine
8%
roi Stéphane
8%
Bill
7%
César
7%
Cri-Kee
7%
6 Danny
7%
Hank
7%
Mr Raie
7%
Papi pépite
7%
Rolly
7%
skinner
7%
Akela
6%
chef Bogo
6%
Chien po
6%
Destinée
6%
Gideon grey
6%
Le morse
6%
Mme Mim
6%
Olivia
6%
Sa sucrerie
6%
Siffli
6%
Anton Ego
5%
Astrid
5%
Bailey
5%
Bunny
5%
Dame Gertrude
5%
Eloise
5%
Felix Fix Jr
5%
Gazelle
5%
le charpentier
5%
Triste sire
5%
Turbo
5%
Charles Muntz
4%
Clopin
4%
Djali
4%
Ducky
4%
la poignée de porte
4%
Le seigneur des ténèbres
4%
Marie
4%
Perla
4%
Squiz
4%
Suzy
4%
Duke Caboom
3%
fidget
3%
La muraille
3%
La rocaille
3%
La volière
3%
oncle Waldo
3%
Ritournel
3%
Ronno
3%
Tia Victoria
3%
Angus Macblaireau
2%
Calhoun
2%
Dawn Bellwether
2%
Felicia
2%
Gurgi
2%
Le cavalier sans tête
2%
major
2%
Mme Otterton
2%
Mr big
2%
7 Mr Toad
2%
Officier Clawhauser
2%
Yax
2%
41 Alameda Slim
1%
Cyril trottegalop
1%
Hiram
1%
ichabod Crane
1%
Manchas
1%
Q bert
1%
Aucun quiz correspondant
Distribution des résultats
% des personnes avec chaque résultat
Percentile par nombre de réponses
Votre historique - résultats
Vous n’avez pas pris ce quiz depuis la dernière actualisation